E8(北陸道)のIC - Statistics

General Stats
  • This quiz has been taken 319 times
  • The average score is 52 of 77
Answer Stats
Answers % Correct
JCT 米原
96%
IC 米原
96%
JCT 敦賀
96%
IC 敦賀
96%
IC 福井
95%
IC 富山
95%
JCT 長岡
92%
IC 鯖江
91%
IC 小松
91%
IC 金沢東
91%
IC 長浜
90%
IC 金沢西
90%
IC 糸魚川
90%
JCT 上越
90%
IC 上越
90%
PA 高岡
89%
IC 黒部
89%
IC 柏崎
89%
IC 武生
88%
IC 加賀
88%
IC 小矢部
86%
IC 親不知
86%
IC 砺波
84%
IC 魚津
84%
IC 白山
81%
IC 富山西
80%
IC 滑川
80%
IC 朝日
80%
PA/SIC 入善
77%
IC 三条燕
77%
IC 今庄
74%
SA/SIC 南条
74%
IC/JCT 福井北
74%
JCT 新潟中央
73%
IC 金沢森本
71%
IC 木之本
70%
IC 丸岡
70%
IC 新潟西
70%
JCT 小矢部砺波
68%
IC 小杉
68%
IC 柿崎
68%
SA 有磯海
67%
IC/SA 名立谷浜
66%
IC 立山
64%
IC 能生
64%
SA 尼御前
63%
SA 小矢部川
63%
PA 刈羽
62%
PA 賤ヶ岳
60%
IC 美川
60%
PA 呉羽
59%
SIC 上市
59%
IC 越中境
59%
IC/SA 米山
58%
SIC 能美根上
55%
IC 金津
53%
PA/SIC 黒埼
51%
IC 片山津
50%
SIC 長岡北
50%
PA/SIC 徳光
49%
PA 北鯖江
48%
SIC 高岡砺波
48%
PA 杉津
46%
PA/SIC 安宅
46%
IC 巻潟東
44%
PA/SIC 流杉
41%
IC 西山
41%
IC 中之島見附
41%
SIC 小谷城
40%
PA 刀根
40%
PA 不動寺
40%
PA/SIC 大潟
40%
PA 神田
39%
PA 女形谷
39%
PA 蓮台寺
33%
PA/SIC
31%
PA 大積
28%
No matching quizzes found
Score Distribution
Percent of People with Each Score
Percentile by Number Answered
Your Score History
You have not taken this quiz